000
00318nam a2200109Ia 4500
008
160531s9999 xx 000 0 und d
100
_a
Matsuno, Hiroaki.
245
_a
Innovative Rheumatology
245
_c
by Hiroaki Matsuno (ed.)
260
_c
2013
856
_u
http://www.intechopen.com/books/innovative-rheumatology
999
_c
295392
_d
295392